LEADER 02036nam0 2200469 i 450 001 VAN0133213 005 20230623104607.324 017 70$2N$a9783642406096 100 $a20210407d2014 |0itac50 ba 101 $aeng 102 $aDE 105 $a|||| ||||| 200 1 $aMolecular Magnets$ePhysics and Applications$fJuan Bartolomé, Fernando Luis, Julio F. Fernández editors 210 $aBerlin$cSpringer$d2014 215 $axvi, 395 p.$cill.$d24 cm 410 1$1001VAN0123346$12001 $aNanoScience and Technology$1210 $aBerlin$cSpringer$d1998- 500 1$3VAN0157030$aMolecular Magnets$91770861 606 $a82-XX$xStatistical mechanics, structure of matter [MSC 2020]$3VANC021931$2MF 606 $a00A79 (77-XX)$xPhysics [MSC 2020]$3VANC023182$2MF 610 $aGiant Spin Approximation$9KW:K 610 $aMagnetic Dipolar Ordering$9KW:K 610 $aMagnetic Quantum Tunneling$9KW:K 610 $aMolecular Magnetic Nanomagnetism$9KW:K 610 $aMolecular Magnets Reviewed$9KW:K 610 $aQuantum Information Processing$9KW:K 610 $aQuantum Ordering$9KW:K 610 $aSingle-molecule magnet$9KW:K 610 $aSpin Tunneling in Magnetic Molecules$9KW:K 620 $dBerlin$3VANL000066 702 1$aBartolomé$bJuan$3VANV106962 702 1$aFernández$bJulio F.$3VANV106964 702 1$aLuis$bFernando$3VANV106963 712 $aSpringer $3VANV108073$4650 790 1$aFernandez, J. F.$zFernández, Julio F.$3VANV107681 801 $aIT$bSOL$c20240614$gRICA 856 4 $uhttp://doi.org/10.1007/978-3-642-40609-6$zE-book ? Accesso al full-text attraverso riconoscimento IP di Ateneo, proxy e/o Shibboleth 899 $aBIBLIOTECA DEL DIPARTIMENTO DI MATEMATICA E FISICA$1IT-CE0120$2VAN08 912 $fN 912 $aVAN0133213 950 $aBIBLIOTECA DEL DIPARTIMENTO DI MATEMATICA E FISICA$d08CONS e-book 2142 $e08eMF2142 20210407 996 $aMolecular Magnets$91770861 997 $aUNICAMPANIA LEADER 02180nam0 22004333i 450 001 VAN00211757 005 20240806101231.594 017 70$2N$a9783030036058 100 $a20210910d2018 |0itac50 ba 101 $aeng 102 $aCH 105 $a|||| ||||| 200 1 $aSymmetries of Maldacena-Wilson Loops from Integrable String Theory$eDoctoral Thesis accepted by the Humboldt-University Berlin, Berlin, Germany$fHagen Münkler 210 $aCham$cSpringer$d2018 215 $axv, 210 p.$cill.$d24 cm 410 1$1001VAN00104193$12001 $aSpringer theses$erecognizing outstanding Ph.D. research$1210 $aBerlin$cSpringer$d2010- 500 1$3VAN00211758$aSymmetries of Maldacena-Wilson Loops from Integrable String Theory$92510909 606 $a81-XX$xQuantum theory [MSC 2020]$3VANC019967$2MF 606 $a81T30$xString and superstring theories; other extended objects (e.g., branes) in quantum field theory [MSC 2020]$3VANC021514$2MF 606 $a81Txx$xQuantum field theory; related classical field theories [MSC 2020]$3VANC027580$2MF 610 $aAdS/CFT duality$9KW:K 610 $aFour dimensional Gauge theory$9KW:K 610 $aInfinite dimensional symmetries$9KW:K 610 $aMaster Symmetry for Strings$9KW:K 610 $aStrongly coupled Quantum Field Theories$9KW:K 610 $aSupersymmetrization of minimal surface problem$9KW:K 610 $aWilson Loop$9KW:K 610 $aYangian Symmetry$9KW:K 620 $aCH$dCham$3VANL001889 700 1$aMünkler$bHagen$3VANV182279$01060060 712 $aSpringer $3VANV108073$4650 801 $aIT$bSOL$c20241115$gRICA 856 4 $uhttp://doi.org/10.1007/978-3-030-03605-8$zE-book ? Accesso al full-text attraverso riconoscimento IP di Ateneo, proxy e/o Shibboleth 899 $aBIBLIOTECA DEL DIPARTIMENTO DI MATEMATICA E FISICA$1IT-CE0120$2VAN08 912 $fN 912 $aVAN00211757 950 $aBIBLIOTECA DEL DIPARTIMENTO DI MATEMATICA E FISICA$d08DLOAD e-book 3701 $e08eMF3701 20210910 996 $aSymmetries of Maldacena-Wilson Loops from Integrable String Theory$92510909 997 $aUNICAMPANIA LEADER 01574nam0 22002773i 450 001 VAN00087855 005 20240806100641.16 100 $a20120313d2007 |0itac50 ba 101 $aita 102 $aIT 105 $a|||| ||||| 200 1 $aProspezione idrogeochimica e studio della qualità delle acque sotterranee della zona a nord dell'Agro aversano$etesi di laurea sperimentale$fAntonio Spagnuolo$grelatore Dario Tedesco, correlatore Emilio Cuoco 210 $a[Caserta]$d2007 215 $a85 p., [1] appendice nella numerazione$cill.$d30 cm 300 $aSul front.: Centro regionale di competenza analisi e monitoraggio del rischio ambientale. - Seconda Università degli studi di Napoli, Facoltà di scienze ambientali, corso di laurea in scienze ambientali, anno accademico 2006-2007 606 $aTesi$xScienze ambientali$3VANC029757$2SA 620 $dCaserta$3VANL000252 700 1$aSpagnuolo$bAntonio$3VANV071944$0522492 702 1$aTedesco$bDario$3VANV071313$4727 702 1$aCuoco$bEmilio$3VANV071315 801 $aIT$bSOL$c20250321$gRICA 899 $aBIBLIOTECA DEL DIPARTIMENTO DI SCIENZE E TECNOLOGIE AMBIENTALI BIOLOGICHE E FARMACEUTICHE$1IT-CE0101$2VAN17 912 $aVAN00087855 950 $aBIBLIOTECA DEL DIPARTIMENTO DI SCIENZE E TECNOLOGIE AMBIENTALI BIOLOGICHE E FARMACEUTICHE$d17CONS Tesi III 1 $e17OM 1310 25 20120313 996 $aProspezione idrogeochimica e studio della qualità delle acque sotterranee della zona a nord dell'Agro aversano$91418211 997 $aUNICAMPANIA